| 000 | 00794nam a2200277 a 4500 | ||
|---|---|---|---|
| 999 |
_c10633 _d10633 |
||
| 001 | 10633 | ||
| 003 | BD-JhCC | ||
| 005 | 20200213134007.0 | ||
| 008 | 970501s20081992xx 30 vleng | ||
| 017 |
_aPA672-491 _bU.S. Copyright Office |
||
| 020 | _a97801995365668 | ||
| 035 | _a(BD-JhCC)10633 | ||
| 040 |
_aDLC _cDLC _eamim _dDLC _dBD-JhCC) |
||
| 041 | _aeng | ||
| 050 | 0 | 0 | _aVBL 0951 (viewing copy) |
| 082 |
_a813.4 _bTWA 2008 |
||
| 100 | _aTwain, Mark | ||
| 245 | 0 | 4 |
_aThe adventures of Tom Sawyer / _cMark Twain |
| 260 |
_a[United States : _bVideo Treasures, _c2008 |
||
| 300 |
_a207 p. : _c19 cm. |
||
| 600 | 1 | 0 |
_aSawyer, Tom _c(Fictitious character) |
| 655 | 7 |
_aSeries. _2mim |
|
| 655 | 7 |
_aAnimation. _2mim |
|
| 655 | 7 |
_aChildren's films and programs. _2mim |
|
| 942 |
_2ddc _cBK _03 |
||